000 00571nam a2200205Ia 4500
001 9623
003 GE_BSU
008 181216s||||||||xx |||||||||||||| ||und||
040 _cGE_BSU
080 _a821.353.1-1
100 _aმაშაშვილი, ალიო
245 _aახალი ლექსები
245 _cრედ:რ.გვეტაძე
260 _aთბილისი.
260 _bფედერაცია
260 _c1942
300 _a31გვ;14სმ.
653 _aახალი ლექსები
942 _cBK
999 _c42907
_d42907